Molly's pilgrim / (Record no. 1044)

MARC details
000 -LEADER
fixed length control field 01333nam a22003497a 4500
005 - DATE AND TIME OF LATEST TRANSACTION
control field 20230719101248.0
020 ## - INTERNATIONAL STANDARD BOOK NUMBER
International Standard Book Number 0688021034
020 ## - INTERNATIONAL STANDARD BOOK NUMBER
International Standard Book Number 0688021042 (lib. bdg.)
040 ## - CATALOGING SOURCE
Original cataloging agency DLC
Transcribing agency DLC
Modifying agency DLC
Language of cataloging eng
050 00 - LIBRARY OF CONGRESS CALL NUMBER
Classification number PZ7.C6595
Item number Mo 1983
082 00 - DEWEY DECIMAL CLASSIFICATION NUMBER
Classification number 813
Edition number 19
100 1# - MAIN ENTRY--PERSONAL NAME
Personal name Cohen, Barbara,
Dates associated with a name 1932-1992.
245 10 - TITLE STATEMENT
Title Molly's pilgrim /
Statement of responsibility, etc. by Barbara Cohen ; illustrated by Michael J. Deraney.
250 ## - EDITION STATEMENT
Edition statement First Scholastic printing, November 1999.
260 ## - PUBLICATION, DISTRIBUTION, ETC.
Place of publication, distribution, etc. New York :
Name of publisher, distributor, etc. Scholastic,
Date of publication, distribution, etc. 1999.
300 ## - PHYSICAL DESCRIPTION
Extent 22 unnumbered pages :
Other physical details illustrations ;
Dimensions 20 cm.
505 ## - FORMATTED CONTENTS NOTE
Formatted contents note M <br/>
520 ## - SUMMARY, ETC.
Summary, etc. Told to make a doll like a pilgrim for the Thanksgiving display at school, Molly's Jewish mother dresses the doll as she herself dressed before leaving Russia to seek religious freedom--much to Molly's embarrassment.
521 ## - TARGET AUDIENCE NOTE
Target audience note 590 <br/>
Source Lexile <br/>
521 ## - TARGET AUDIENCE NOTE
Target audience note M <br/>
Source Raz-Plus <br/>
650 #0 - SUBJECT ADDED ENTRY--TOPICAL TERM
Topical term or geographic name entry element Jews
Geographic subdivision United States
General subdivision Juvenile fiction.
650 #1 - SUBJECT ADDED ENTRY--TOPICAL TERM
Topical term or geographic name entry element Jews
Geographic subdivision United States
General subdivision Fiction.
650 #1 - SUBJECT ADDED ENTRY--TOPICAL TERM
Topical term or geographic name entry element Schools
General subdivision Fiction.
650 #1 - SUBJECT ADDED ENTRY--TOPICAL TERM
Topical term or geographic name entry element Thanksgiving Day
General subdivision Fiction.
650 #1 - SUBJECT ADDED ENTRY--TOPICAL TERM
Topical term or geographic name entry element Immigrants
General subdivision Fiction.
650 #1 - SUBJECT ADDED ENTRY--TOPICAL TERM
Topical term or geographic name entry element Russian Americans
General subdivision Fiction.
700 1# - ADDED ENTRY--PERSONAL NAME
Personal name Deraney, Michael J.,
Relator term illustrator.
906 ## - LOCAL DATA ELEMENT F, LDF (RLIN)
a 7
b cbc
c orignew
d 1
e ocip
f 19
g y-gencatlg
942 ## - ADDED ENTRY ELEMENTS (KOHA)
Source of classification or shelving scheme Dewey Decimal Classification
Koha item type Books
Suppress in OPAC No
999 ## -
-- 1044
-- 1044
Holdings
Withdrawn status Lost status Source of classification or shelving scheme Damaged status Not for loan Collection Home library Current library Shelving location Date acquired Total Checkouts Full call number Barcode Date last seen Date last checked out Price effective from Koha item type
    Dewey Decimal Classification     Juvenile Fiction Footprints International School Library Network Toul Kork Campus Footprints International School Library Network Toul Kork Campus TK Primary Library Room(4th Floor), Bookcase 3&4, Shelves 17-32, Yellow Books 07/19/2023 1 COH 813 PZ7.C6595 FISTK00327 06/04/2024 10/23/2023 07/19/2023 Books